000 00705nam a2200301Ia 4500
005 20260401122215.0
008 008 250103s9999 xx 000 0 eng d
020 _a195668758
037 _aTB
040 _aEDL
040 _beng
040 _cEDL
041 _2eng
041 _aeng
084 _a954 SAT
084 _qEDL
100 _aSatya, Laxman D.
_91232912
245 0 _aEcology, Colonialism and Cattle: Central India in the Nineteenth Century
245 0 _cSatya, Laxman D.
260 _aNew Delhi
260 _bOxford University Press
260 _c2004
300 _a204p
942 _cTB
942 _h954 SAT
999 _c1845639
_d1845639